| 000 | 00794nam a2200265 i 4500 | ||
|---|---|---|---|
| 001 | bgj | ||
| 100 | 1 | _aEBEL, Robert L. | |
| 245 | 1 | 0 |
_aEssentials of educational measurement / _cRobert L. Ebel. |
| 250 | _a4th ed. | ||
| 260 |
_aEnglewood Cliffs, NJ : _bPrentice-Hall, _cc. 1986. |
||
| 300 |
_aVIII, 360 pp : _bill. ; _c25 cm. |
||
| 504 | _aBibliography p. 340-346. | ||
| 505 | _aIncludes indexes. | ||
| 650 | 9 | _aEducational tests and measurements | |
| 650 | 9 |
_aExaminations _xEvaluation |
|
| 650 | 9 |
_aExaminations _xDesign and construction |
|
| 650 | 9 |
_aExaminations _xInterpretation |
|
| 700 | 1 |
_aFRISBIE, David _bA. |
|
| 020 | _a0132860066 (hbk) | ||
| 040 | _cBPK | ||
| 041 | 0 | _aeng | |
| 920 | _a0-13-286006-6 (hbk) | ||
| 942 | _cKS | ||
| 008 | s uk f |000 0 eng | ||
| 999 |
_c41376 _d41376 |
||
| 856 |
_uhttp://koha.tu.koszalin.pl/cgi-bin/koha/opac-detail.pl?biblionumber=41376 _yKatalog online BPK |
||